Busiest Air Route by City - Statistics

General Stats
  • This quiz has been taken 4,021 times
  • The average score is 15 of 24
Answer Stats
City #1 Destination % Correct
Chicago New York City
99%
Auckland Sydney
92%
Shanghai Beijing
89%
Rio de Janeiro São Paulo
88%
Rome Paris
87%
Los Angeles San Francisco
87%
Madrid Barcelona
83%
Delhi Mumbai
83%
Cape Town Johannesburg
74%
Adelaide Melbourne
74%
Toronto Montreal
67%
London Dublin
65%
Singapore Jakarta
61%
Panama City, Panama Miami
55%
Mexico City Cancún
48%
Dubai Doha
48%
Bangkok Hong Kong
48%
Detroit Atlanta
47%
Hong Kong Taipei
47%
Phoenix Denver
43%
Bogotá Medellín
38%
Tokyo Sapporo
35%
Frankfurt Istanbul
33%
Oslo Trondheim
17%
No matching quizzes found
Score Distribution
Percent of People with Each Score
Percentile by Number Answered
Your Score History
You have not taken this quiz